Износостойкость металлических образцов, построенных электродуговой наплавкой; Прогрессивные технологии и экономика в машиностроении
| Parent link: | Прогрессивные технологии и экономика в машиностроении.— 2023.— [С. 30-32] |
|---|---|
| 主要作者: | |
| 企业作者: | |
| 其他作者: | , |
| 总结: | Заглавие с экрана В данной статье приведены экспериментальные исследования износостойкости образцов, выращенных электродуговой послойной наплавкой плавящимся электродом в среде углекислого газа. This article presents experimental studies of the wear resistance of samples grown by electric arc layer-by-layer surfacing with a consumable electrode in a carbon dioxide environment. |
| 语言: | 俄语 |
| 出版: |
2023
|
| 丛编: | Современные промышленные технологии |
| 主题: | |
| 在线阅读: | http://earchive.tpu.ru/handle/11683/76111 |
| 格式: | 电子 本书章节 |
| KOHA link: | https://koha.lib.tpu.ru/cgi-bin/koha/opac-detail.pl?biblionumber=635600 |
MARC
| LEADER | 00000naa2a2200000 4500 | ||
|---|---|---|---|
| 001 | 635600 | ||
| 005 | 20231102024814.0 | ||
| 035 | |a (RuTPU)RU\TPU\conf\37457 | ||
| 035 | |a RU\TPU\conf\37455 | ||
| 090 | |a 635600 | ||
| 100 | |a 20230502d2023 k y0rusy50 ca | ||
| 101 | 0 | |a rus |d eng | |
| 102 | |a RU | ||
| 105 | |a y z 101zy | ||
| 135 | |a drcn ---uucaa | ||
| 181 | 0 | |a i | |
| 182 | 0 | |a b | |
| 200 | 1 | |a Износостойкость металлических образцов, построенных электродуговой наплавкой |f Е. В. Судариков, А. М. Курбонов |g науч. рук. М. А. Кузнецов | |
| 203 | |a Текст |c электронный | ||
| 225 | 1 | |a Современные промышленные технологии | |
| 230 | |a 1 компьютерный файл (pdf; 402 Kb) | ||
| 300 | |a Заглавие с экрана | ||
| 320 | |a [Библиогр.: с. 32 (7 назв.)] | ||
| 330 | |a В данной статье приведены экспериментальные исследования износостойкости образцов, выращенных электродуговой послойной наплавкой плавящимся электродом в среде углекислого газа. | ||
| 330 | |a This article presents experimental studies of the wear resistance of samples grown by electric arc layer-by-layer surfacing with a consumable electrode in a carbon dioxide environment. | ||
| 463 | 0 | |0 (RuTPU)RU\TPU\conf\37447 |t Прогрессивные технологии и экономика в машиностроении |o сборник трудов XIV Всероссийской научно-практической конференции для студентов и учащейся молодежи, 6-8 апреля 2023 г., Юрга |f Национальный исследовательский Томский политехнический университет (ТПУ), Юргинский технологический институт (ЮТИ) ; под ред. С. А. Солодского |v [С. 30-32] |d 2023 | |
| 610 | 1 | |a электронный ресурс | |
| 610 | 1 | |a труды учёных ТПУ | |
| 610 | 1 | |a электродуговая наплавка | |
| 610 | 1 | |a износостойкость | |
| 610 | 1 | |a коэффициент трения | |
| 610 | 1 | |a виброускорение | |
| 610 | 1 | |a металлические образцы | |
| 610 | 1 | |a electric arc cladding | |
| 610 | 1 | |a wear resistance | |
| 610 | 1 | |a coefficient of friction | |
| 610 | 1 | |a vibration acceleration | |
| 700 | 1 | |a Судариков |b Е. В. | |
| 701 | 1 | |a Курбонов |b А. М. | |
| 702 | 1 | |a Кузнецов |b М. А. |c специалист в области сварочного производства |c доцент Юргинского технологического института (филиала) Томского политехнического университета, кандидат технических наук |f 1985- |g Максим Александрович |2 stltpush |4 727 |9 14202 | |
| 712 | 0 | 2 | |a Национальный исследовательский Томский политехнический университет |b Юргинский технологический институт |c (2009- ) |h 349 |2 stltpush |3 (RuTPU)RU\TPU\col\15903 |
| 801 | 2 | |a RU |b 63413507 |c 20230615 |g RCR | |
| 856 | 4 | |u http://earchive.tpu.ru/handle/11683/76111 | |
| 942 | |c BK | ||